000 00878nam a22002057a 4500
999 _c9893
_d9893
003 AR-CdUCM
008 190328b ||||| |||| 00| 0 spa d
040 _aMUNICIPALIDAD PROVINCIAL DEL CUSCO
_cBIBLIOTECA MUNICIPAL DEL CUSCO
082 _a615.321 /
_bG93
100 _aGuevara Ochoa, Laura Esther.
_926419
245 _aPlantas medicinales 13 fichas completas :
_bAlbahaca, caléndula, chiri-chiri, hierba luisa, malva, matico, menta, orégano, payco, romero, salvia, toronjil, verbena /
260 _aCuzco :
_bCBC,
_c2001.
300 _a80 páginas ;
_c22 cm.
505 _aContenido : Introducción -- Fichas con : Descripción botánica, composición química y farmacología, Propiedades medicinales, preparados y fichas de cultivo ...
650 _aPlantas
_919530
650 _aMedicinales
_926420
650 _aCusco
_9772
942 _2ddc
_cLIBROS
945 _arah